[Event "Monarch Assurance Isle of Man 15th"]
[Site "Port Erin IOM"]
[Date "2006.09.24"]
[Round "2.41"]
[White "Fabri, Henrik"]
[Black "Grant, Alan"]
[Result "0-1"]
[WhiteElo "1940"]
[BlackElo "2193"]
[PlyCount "72"]
[EventDate "2006.09.23"]
[EventType "swiss"]
[EventRounds "9"]
[EventCountry "IOM"]

1. e4 c5 2. c3 Nf6 3. e5 Nd5 4. d4 cxd4 5. Nf3 Nc6 6. cxd4 d6 7. Bd3 Bg4 8. O-O
e6 9. Nbd2 Be7 10. Qa4 O-O 11. Re1 Rc8 12. a3 Nb6 13. Qb3 d5 14. Bf1 Na5 15.
Qe3 Nac4 16. Qf4 Bf5 17. Qg3 Na5 18. b4 Nac4 19. Nb3 Na4 20. Nc5 Nxc5 21. dxc5
b6 22. cxb6 Qxb6 23. h4 f6 24. Bf4 Kh8 25. Rec1 Be4 26. Bxc4 dxc4 27. Be3 Qb7
28. Nd4 Bd5 29. Qh3 fxe5 30. Nxe6 {(=)} Rf6 31. Nc5 Bxc5 32. bxc5 Rcf8 33. Rab1
Qc6 34. Rb2 h6 35. Qg3 Rg6 36. Qxe5 Bxg2 {time} 0-1

[Event "Monarch Assurance Isle of Man 15th"]
[Site "Port Erin IOM"]
[Date "2006.09.24"]
[Round "2.42"]
[White "Collier, David"]
[Black "Minor, Harry"]
[Result "1-0"]
[WhiteElo "2175"]
[BlackElo "1500"]
[PlyCount "79"]
[EventDate "2006.09.23"]
[EventType "swiss"]
[EventRounds "9"]
[EventCountry "IOM"]

1. d4 d5 2. c4 e6 3. Nc3 Nf6 4. Bg5 Be7 5. e3 Ne4 6. Bxe7 Qxe7 7. Nxe4 dxe4 8.
a3 Nc6 9. g3 e5 10. d5 Nb4 11. axb4 Qxb4+ 12. Qd2 Qxd2+ 13. Kxd2 O-O 14. Bg2 f5
15. Ne2 c6 16. dxc6 Rd8+ 17. Kc2 bxc6 18. Rhd1 Be6 19. Rxd8+ Rxd8 20. b3 Ra8
21. Ra6 Bd7 22. Nc3 g5 23. Na4 f4 24. Nb6 Bf5 25. Nxa8 fxe3 26. fxe3 c5 27.
Rxa7 h5 28. Kc3 h4 29. gxh4 gxh4 30. b4 cxb4+ 31. Kxb4 h3 32. Bf1 Kf8 33. Kc5
Ke8 34. Nb6 Kd8 35. Kd6 Ke8 36. c5 Kf8 37. Nd5 Bg4 38. Bc4 Bh5 39. Nf6 Be8 40.
Nh7# 1-0

[Event "Monarch Assurance Isle of Man 15th"]
[Site "Port Erin IOM"]
[Date "2006.09.25"]
[Round "3.2"]
[White "Neverov, Valeriy"]
[Black "Krasenkow, Michal"]
[Result "1/2-1/2"]
[WhiteElo "2556"]
[BlackElo "2635"]
[PlyCount "55"]
[EventDate "2006.09.23"]
[EventType "swiss"]
[EventRounds "9"]
[EventCountry "IOM"]

1. d4 Nf6 2. c4 g6 3. Nf3 Bg7 4. g3 c6 5. Bg2 d5 6. Nbd2 Bf5 7. O-O O-O 8. b3
a5 9. a3 Ne4 10. Bb2 Qb6 11. Ra2 Nd7 12. Ba1 Qa6 13. a4 Rfd8 14. Qc1 Rac8 15.
Rd1 Nxd2 16. Nxd2 e5 17. e3 exd4 18. Bxd4 Bxd4 19. exd4 Re8 20. Nf1 Bg4 21.
Rdd2 Nf6 22. Ne3 Be6 23. Re2 Rcd8 24. Rad2 Qb6 25. Qc3 h5 26. h3 Kh7 27. Kh2
Kg7 28. Kg1 1/2-1/2

[Event "Monarch Assurance Isle of Man 15th"]
[Site "Port Erin IOM"]
[Date "2006.09.25"]
[Round "3.4"]
[White "Zatonskih, Anna"]
[Black "Malakhatko, Vadim"]
[Result "1/2-1/2"]
[WhiteElo "2432"]
[BlackElo "2594"]
[PlyCount "85"]
[EventDate "2006.09.23"]
[EventType "swiss"]
[EventRounds "9"]
[EventCountry "IOM"]

1. d4 Nf6 2. Nf3 c5 3. d5 b5 4. Bg5 d6 5. Bxf6 exf6 6. e4 a6 7. a4 bxa4 8. Rxa4
g6 9. Bd3 Bh6 10. O-O O-O 11. Nfd2 Nd7 12. Nc4 Nb6 13. Nxb6 Qxb6 14. Ra2 Bb7
15. Qf3 Bg7 16. Nd2 Ra7 17. Rfa1 Rd8 18. h4 h5 19. Nc4 Qc7 20. Qf4 Bc8 21. Ra3
Kf8 22. R1a2 Kg8 23. Kh1 Kh8 24. Rb3 Rb7 25. Rba3 Ra7 26. Ra1 Kg8 27. Ra5 Kh7
28. Kg1 Kg8 29. Kh1 Kh7 30. R5a4 Kg8 31. Kg1 Kh7 32. Kh1 Kg8 33. R4a3 Kh8 34.
Qg3 Bh6 35. Kg1 Ra8 36. R1a2 Kg8 37. Ra1 Rb8 38. f4 Kh8 39. f5 g5 40. Qf3 g4
41. Qf2 Kg7 42. b3 Rb4 43. Nd2 1/2-1/2

[Event "Monarch Assurance Isle of Man 15th"]
[Site "Port Erin IOM"]
[Date "2006.09.25"]
[Round "3.5"]
[White "Khenkin, Igor"]
[Black "Ikonnikov, Vyacheslav"]
[Result "1/2-1/2"]
[WhiteElo "2586"]
[BlackElo "2587"]
[PlyCount "120"]
[EventDate "2006.09.23"]
[EventType "swiss"]
[EventRounds "9"]
[EventCountry "IOM"]

1. d4 d5 2. c4 e5 3. dxe5 d4 4. Nf3 Nc6 5. g3 Nge7 6. Bg2 Ng6 7. Qa4 Bb4+ 8.
Nbd2 O-O 9. O-O a5 10. a3 Be7 11. b4 Bg4 12. b5 Ncxe5 13. Bb2 Bf6 14. Ne4 Bxf3
15. exf3 Nd3 16. Qc2 Nxb2 17. Qxb2 Ne5 18. Rfd1 d3 19. Kf1 Nxc4 20. Nxf6+ Qxf6
21. Qxf6 gxf6 22. Rxd3 Rfd8 23. Rc3 Rd4 24. f4 Rb8 25. Kg1 b6 26. Bf1 Nd2 27.
Rxc7 Nxf1 28. Kxf1 Rd5 29. a4 Rd4 30. Re1 Rxa4 31. Ree7 Rf8 32. Rc6 Kg7 33.
Rxb6 Ra2 34. Rbb7 Rb2 35. Kg2 a4 36. Ra7 Rxb5 37. Rxa4 Rbb8 38. Rae4 Rfd8 39.
Re2 Ra8 40. Kh3 Rab8 41. Kg4 Ra8 42. h3 Rab8 43. Kh4 Ra8 44. Kg4 Rab8 45. R2e4
Rb2 46. f3 Rbd2 47. Ra4 R2d7 48. Ree4 Rd5 49. f5 Rd1 50. h4 h6 51. Kf4 R1d5 52.
g4 Rd3 53. Re3 R8d7 54. Rxd3 Rxd3 55. Re4 Ra3 56. Re3 Ra7 57. Re4 Ra3 58. Re3
Ra4+ 59. Kg3 Rb4 60. Rc3 Rd4 {etc etc etc (83 illegible and probably very
boring moves)} 1/2-1/2

[Event "Monarch Assurance Isle of Man 15th"]
[Site "Port Erin IOM"]
[Date "2006.09.25"]
[Round "3.7"]
[White "Areshchenko, Alexander"]
[Black "Gormally, Daniel W"]
[Result "1/2-1/2"]
[WhiteElo "2641"]
[BlackElo "2513"]
[PlyCount "109"]
[EventDate "2006.09.23"]
[EventType "swiss"]
[EventRounds "9"]
[EventCountry "IOM"]

1. e4 c5 2. Ne2 Nc6 3. Nbc3 Nf6 4. d4 cxd4 5. Nxd4 e5 6. Ndb5 d6 7. Bg5 a6 8.
Na3 b5 9. Nd5 Qa5+ 10. c3 Nxd5 11. exd5 Ne7 12. Nc2 h6 13. Be3 Bd7 14. f4 Nf5
15. Bd2 Be7 16. Bd3 Bh4+ 17. g3 Bf6 18. Qf3 g6 19. O-O Qb6+ 20. Kh1 O-O 21. Ne3
Ng7 22. f5 Bg5 23. h4 Bxe3 24. Bxe3 Qb7 25. f6 Nf5 26. Bd2 e4 27. Bxe4 Rae8 28.
Kh2 Rxe4 29. Qxe4 Re8 30. Qg2 Re5 31. Rad1 Rxd5 32. Bxh6 Bc6 33. Rxd5 Nxh6 34.
Qd2 Ng4+ 35. Kh3 Bxd5 36. Kxg4 Bg2 37. Qe2 Qc8+ 38. Kg5 Bxf1 39. Qxf1 Kh7 40.
Qf4 Qe6 41. b3 a5 42. c4 bxc4 43. bxc4 Qe2 44. Qxd6 Qxc4 45. a3 Qe4 46. Qc5 Qe2
47. Qc3 Qe4 48. g4 a4 49. Qc5 Qe1 50. Kf4 Qxh4 51. Qe7 g5+ 52. Kf5 Qf2+ 53.
Kxg5 Qd2+ 54. Kf5 Qf2+ 55. Kg5 1/2-1/2

[Event "Monarch Assurance Isle of Man 15th"]
[Site "Port Erin IOM"]
[Date "2006.09.25"]
[Round "3.8"]
[White "Korneev, Oleg"]
[Black "Kuzubov, Yuriy"]
[Result "1-0"]
[WhiteElo "2638"]
[BlackElo "2554"]
[PlyCount "69"]
[EventDate "2006.09.23"]
[EventType "swiss"]
[EventRounds "9"]
[EventCountry "IOM"]

1. e4 c5 2. Nf3 d6 3. d4 cxd4 4. Nxd4 Nf6 5. Nc3 a6 6. Be3 e5 7. Nf3 Be7 8. Bc4
O-O 9. O-O Nbd7 10. a4 b6 11. h3 Bb7 12. Qd3 Qc7 13. Rfd1 Bc6 14. Nh2 Qb7 15.
Ng4 Nxe4 16. Nd5 Ndf6 17. Ngxf6+ Nxf6 18. Bxa6 Rxa6 19. Nxe7+ Qxe7 20. Qxa6 Nd5
21. Qe2 Qb7 22. c4 Ne7 23. f3 Nf5 24. b4 Re8 25. a5 b5 26. a6 Qd7 27. Bf2 bxc4
28. Qxc4 d5 29. Qc5 d4 30. Rdc1 Bd5 31. b5 d3 32. b6 d2 33. Rd1 Bxf3 34. a7
Bxd1 35. a8=Q 1-0

[Event "Monarch Assurance Isle of Man 15th"]
[Site "Port Erin IOM"]
[Date "2006.09.25"]
[Round "3.9"]
[White "Arkell, Keith"]
[Black "Efimenko, Zahar"]
[Result "1/2-1/2"]
[WhiteElo "2479"]
[BlackElo "2632"]
[PlyCount "87"]
[EventDate "2006.09.23"]
[EventType "swiss"]
[EventRounds "9"]
[EventCountry "IOM"]

1. d4 c5 2. d5 g6 3. e4 d6 4. Nf3 Bg7 5. Bb5+ Bd7 6. Bxd7+ Nxd7 7. O-O Ngf6 8.
Re1 O-O 9. c4 Ng4 10. Nc3 Nge5 11. Nxe5 Nxe5 12. Qe2 Re8 13. f4 Nd7 14. Bd2 a6
15. Rab1 e6 16. Qd3 Bd4+ 17. Kh1 Nf6 18. h3 exd5 19. Nxd5 Nxd5 20. cxd5 b5 21.
Bc3 Bxc3 22. bxc3 Qf6 23. Rf1 Ra7 24. a4 bxa4 25. Ra1 Rb8 26. Rxa4 a5 27. Qe3
Re8 28. Rb1 Qd8 29. Qd3 Qh4 30. Qb5 Qd8 31. Qb6 Rae7 32. Qxd8 Rxd8 33. Rb5 f5
34. e5 dxe5 35. Rxc5 exf4 36. Rxf4 Re1+ 37. Kh2 Ra1 38. g4 fxg4 39. Rc7 Rxd5
40. Rff7 Ra2+ 41. Kg3 Rd3+ 42. Kh4 Rxh3+ 43. Kxg4 Rxc3 44. Rg7+ 1/2-1/2

[Event "Monarch Assurance Isle of Man 15th"]
[Site "Port Erin IOM"]
[Date "2006.09.25"]
[Round "3.11"]
[White "Al Sayed, Mohamad"]
[Black "Socko, Bartosz"]
[Result "0-1"]
[WhiteElo "2492"]
[BlackElo "2621"]
[PlyCount "66"]
[EventDate "2006.09.23"]
[EventType "swiss"]
[EventRounds "9"]
[EventCountry "IOM"]

1. e4 e6 2. d4 d5 3. Nc3 Bb4 4. e5 c5 5. a3 Bxc3+ 6. bxc3 Qa5 7. Bd2 Qa4 8. Qg4
g6 9. Qd1 b6 10. h4 Ba6 11. Bxa6 Nxa6 12. h5 cxd4 13. hxg6 fxg6 14. Qg4 Ne7 15.
cxd4 h5 16. Ne2 hxg4 17. Rxh8+ Kd7 18. Rxa8 Nc8 19. f3 Qc6 20. Rxc8 Qxc8 21. c3
gxf3 22. gxf3 Qh8 23. O-O-O Qf8 24. Rg1 Qxa3+ 25. Kc2 Qa2+ 26. Kd3 Nc7 27. Ke3
a5 28. Rxg6 Qc2 29. Rg7+ Kc8 30. Rg1 a4 31. Ra1 Nb5 32. Nf4 a3 33. Nd3 Kd7 0-1

[Event "Monarch Assurance Isle of Man 15th"]
[Site "Port Erin IOM"]
[Date "2006.09.25"]
[Round "3.12"]
[White "Kazhgaleyev, Murtas"]
[Black "Hanley, Craig A"]
[Result "1-0"]
[WhiteElo "2606"]
[BlackElo "2419"]
[PlyCount "125"]
[EventDate "2006.09.23"]
[EventType "swiss"]
[EventRounds "9"]
[EventCountry "IOM"]

1. d4 Nf6 2. c4 e6 3. Nf3 d5 4. Nc3 Bb4 5. cxd5 exd5 6. Bg5 Nbd7 7. Qc2 c5 8.
a3 Bxc3+ 9. Qxc3 h6 10. Bxf6 Qxf6 11. e3 O-O 12. Be2 b6 13. Rc1 Bb7 14. O-O
Rfc8 15. Rfd1 Qe7 16. dxc5 bxc5 17. b4 d4 18. Qd2 Nf6 19. bxc5 dxe3 20. Qxe3
Qxe3 21. fxe3 Ne4 22. Ne5 Nxc5 23. Bc4 Ne6 24. Nxf7 Kxf7 25. Rd7+ Kf6 26. Rxb7
Ke5 27. Re7 Re8 28. Rxe6+ Rxe6 29. Bxe6 Kxe6 30. Rc7 Kf6 31. Kf2 a5 32. a4 Ra6
33. Kf3 g5 34. Rc5 Kg6 35. g3 Rf6+ 36. Ke2 Rb6 37. h3 Rb2+ 38. Kf3 Rh2 39. Rxa5
h5 40. Ra6+ Kg7 41. Ra7+ Kg6 42. Ra6+ Kg7 43. Ra7+ Kg6 44. h4 gxh4 45. gxh4
Rxh4 46. a5 Rh3+ 47. Kf2 Rh2+ 48. Kg3 Re2 49. Kf3 Ra2 50. Ra8 h4 51. Kg4 Ra4+
52. Kh3 Re4 53. a6 Kg7 54. Rb8 Rxe3+ 55. Kxh4 Ra3 56. Ra8 Ra1 57. Kg5 Ra5+ 58.
Kf4 Ra1 59. Ke5 Ra5+ 60. Kd6 Rf5 61. Ra7+ Kg6 62. Re7 Ra5 63. a7 1-0

[Event "Monarch Assurance Isle of Man 15th"]
[Site "Port Erin IOM"]
[Date "2006.09.25"]
[Round "3.13"]
[White "Postny, Evgeny"]
[Black "Vasilevich, Tatjana"]
[Result "1-0"]
[WhiteElo "2591"]
[BlackElo "2412"]
[PlyCount "67"]
[EventDate "2006.09.23"]
[EventType "swiss"]
[EventRounds "9"]
[EventCountry "IOM"]

1. d4 d5 2. c4 e6 3. Nf3 Nf6 4. Bg5 Bb4+ 5. Nbd2 h6 6. Bxf6 Qxf6 7. e3 O-O 8.
a3 Bxd2+ 9. Qxd2 Nd7 10. cxd5 exd5 11. Rc1 c6 12. Be2 Qd6 13. O-O Nf6 14. Bd3
Bd7 15. Ne5 Rfe8 16. Qc2 Re7 17. b4 Ng4 18. Nf3 g6 19. h3 Nf6 20. Ne5 Be8 21.
f4 a5 22. Qc5 Qd8 23. h4 Nd7 24. Qc2 axb4 25. axb4 Nf8 26. f5 Rxe5 27. dxe5
Qxh4 28. Rf3 Qe7 29. Qb2 Nd7 30. e6 fxe6 31. fxg6 e5 32. Bf5 e4 33. Rh3 Qg7 34.
Be6+ 1-0

[Event "Monarch Assurance Isle of Man 15th"]
[Site "Port Erin IOM"]
[Date "2006.09.25"]
[Round "3.14"]
[White "Yakovich, Yuri"]
[Black "Sarakauskas, Gediminas"]
[Result "1-0"]
[WhiteElo "2583"]
[BlackElo "2414"]
[PlyCount "55"]
[EventDate "2006.09.23"]
[EventType "swiss"]
[EventRounds "9"]
[EventCountry "IOM"]

1. d4 d5 2. c4 dxc4 3. e3 c5 4. Bxc4 cxd4 5. Nf3 Qc7 6. Qb3 e6 7. exd4 Nc6 8.
O-O a6 9. Bd3 Nf6 10. Bg5 Be7 11. Nc3 O-O 12. Rac1 Qa5 13. Ne4 Rd8 14. Nxf6+
gxf6 15. Bd2 Qd5 16. Bc4 Qd6 17. Qe3 Nb4 18. Qh6 Kh8 19. Bf4 Qd7 20. Ng5 fxg5
21. Be5+ f6 22. Bxf6+ Bxf6 23. Qxf6+ Kg8 24. Bxe6+ Qxe6 25. Qxd8+ Kf7 26. Rc7+
Kg6 27. Re7 Qf6 28. Qg8+ 1-0

[Event "Monarch Assurance Isle of Man 15th"]
[Site "Port Erin IOM"]
[Date "2006.09.25"]
[Round "3.15"]
[White "Ledger, Andrew J"]
[Black "Golod, Vitali"]
[Result "0-1"]
[WhiteElo "2411"]
[BlackElo "2576"]
[PlyCount "136"]
[EventDate "2006.09.23"]
[EventType "swiss"]
[EventRounds "9"]
[EventCountry "IOM"]

1. Nf3 d5 2. d4 c6 3. Bf4 Bf5 4. e3 e6 5. Bd3 Bg6 6. O-O Nf6 7. c4 Nbd7 8. Nc3
Be7 9. h3 a6 10. Rc1 O-O 11. cxd5 cxd5 12. Bxg6 {(=)} hxg6 13. Qb3 Qb6 14. Nd2
Rfc8 15. Na4 Qa7 16. Qd3 b5 17. Nc3 Nb6 18. Rc2 Qb7 19. Rfc1 Nc4 20. Ne2 Rc6
21. b3 Na5 22. Rxc6 Nxc6 23. Qc2 Nb4 24. Qb1 Rc8 25. a3 Nc6 26. Qb2 Na5 27.
Rxc8+ Qxc8 28. Nc1 Ne4 29. Nb1 g5 30. Bh2 b4 31. axb4 Nc6 32. f3 Nf6 33. Nd3
Nxb4 34. Nxb4 Bxb4 35. Bg3 Ne8 36. Na3 Nd6 37. Nc2 Bc3 38. Qa2 Nf5 39. Bf2 Bd2
40. Kf1 Qc3 41. Ke2 Bc1 42. Be1 Qc7 43. g3 Qb8 44. Qb1 Qb5+ 45. Kf2 Nxg3 46.
Kxg3 Qf1 47. Kh2 Bd2 48. Qa1 Qxf3 49. Qxa6 Bxe1 50. Nxe1 Qxe3 51. Ng2 Qxd4 52.
Qc8+ Kh7 53. Qb8 f5 54. Qe8 Qe5+ 55. Kg1 Qd4+ 56. Kh2 Qe5+ 57. Kg1 Qe2 58. h4
gxh4 59. b4 h3 60. Qg6+ Kg8 61. Qe8+ Kh7 62. Qg6+ Kxg6 63. Nf4+ Kf6 64. Nxe2 e5
65. b5 Ke6 66. b6 Kd7 67. Nc3 d4 68. Nd5 d3 0-1

[Event "Monarch Assurance Isle of Man 15th"]
[Site "Port Erin IOM"]
[Date "2006.09.25"]
[Round "3.16"]
[White "Ferguson, Mark"]
[Black "Stocek, Jiri"]
[Result "1/2-1/2"]
[WhiteElo "2389"]
[BlackElo "2561"]
[PlyCount "173"]
[EventDate "2006.09.23"]
[EventType "swiss"]
[EventRounds "9"]
[EventCountry "IOM"]

1. e4 c5 2. Nf3 d6 3. Bb5+ Nd7 4. c3 Ngf6 5. Qe2 a6 6. Ba4 e5 7. O-O Be7 8. d4
b5 9. Bc2 cxd4 10. cxd4 O-O 11. a4 b4 12. Nbd2 exd4 13. Nxd4 Bb7 14. Nf5 Re8
15. Qd3 Ne5 16. Qg3 Nh5 17. Qb3 Bf8 18. Nf3 Rc8 19. Nxe5 Rxe5 20. Bd1 Nf6 21.
Qg3 Kh8 22. f3 Qe8 23. Qh4 d5 24. Bg5 Qe6 25. Bb3 Qb6+ 26. Kh1 dxe4 27. Nh6 Rc7
28. Bxf6 Qxf6 29. Qxf6 gxf6 30. Nxf7+ Rxf7 31. Bxf7 exf3 32. gxf3 Rf5 33. Kg2
Rg5+ 34. Kf2 Kg7 35. Bc4 Bc5+ 36. Ke1 a5 37. Rd1 Bc6 38. b3 Re5+ 39. Kd2 Rh5
40. Kc1 Rxh2 41. Rd8 Bb6 42. Rd6 Be3+ 43. Kd1 Ba8 44. Rd8 Bc6 45. Rd6 Ba8 46.
Re6 Bf2 47. Ke2 Bc5+ 48. Ke1 Rh3 49. Ke2 Rh2+ 50. Ke1 Rh3 51. Re8 Bxf3 52. Rg8+
Kh6 53. Be2 Bxe2 54. Rxf6+ Kh5 55. Rf5+ Kh6 56. Rf6+ Kh5 57. Rf5+ Kh6 58. Kxe2
Rh2+ 59. Kd3 Rh3+ 60. Kc4 Rc3+ 61. Kb5 Be7 62. Re5 Bh4 63. Rg2 Bg3 64. Re4 Kg5
65. Kxa5 Rxb3 66. Rxb4 Re3 67. Kb6 h5 68. a5 h4 69. a6 h3 70. Ra2 h2 71. Rb1
Rb3+ 72. Rxb3 h1=Q 73. Rxg3+ Kf4 74. Rgg2 Qh6+ 75. Kb5 Qh5+ 76. Kb4 Qd5 77.
Rgf2+ Kg3 78. Rfc2 Qd6+ 79. Kc4 Qc6+ 80. Kb4 Qb6+ 81. Kc3 Qc5+ 82. Kd3 Qd5+ 83.
Ke3 Qe5+ 84. Kd2 Qd4+ 85. Kc1 Qg1+ 86. Kb2 Qb6+ 87. Kc3 1/2-1/2

[Event "Monarch Assurance Isle of Man 15th"]
[Site "Port Erin IOM"]
[Date "2006.09.25"]
[Round "3.17"]
[White "Kononenko, Tatiana"]
[Black "Kiriakov, Petr"]
[Result "1/2-1/2"]
[WhiteElo "2387"]
[BlackElo "2554"]
[PlyCount "44"]
[EventDate "2006.09.23"]
[EventType "swiss"]
[EventRounds "9"]
[EventCountry "IOM"]

1. d4 e6 2. c4 Bb4+ 3. Bd2 Qe7 4. Nf3 Nf6 5. g3 Nc6 6. Nc3 d5 7. a3 Bxc3 8.
Bxc3 Ne4 9. Qc2 a5 10. Bg2 O-O 11. b3 Bd7 12. O-O Rfd8 13. Bb2 Be8 14. Nh4 Nf6
15. Rac1 Rac8 16. Rfd1 Qf8 17. e3 Ne7 18. Bc3 b6 19. c5 Bb5 20. Be1 Qe8 21. a4
Ba6 22. Bf1 Bxf1 1/2-1/2

[Event "Monarch Assurance Isle of Man 15th"]
[Site "Port Erin IOM"]
[Date "2006.09.25"]
[Round "3.18"]
[White "Iordachescu, Viorel"]
[Black "Quillan, Gary"]
[Result "1-0"]
[WhiteElo "2603"]
[BlackElo "2344"]
[PlyCount "85"]
[EventDate "2006.09.23"]
[EventType "swiss"]
[EventRounds "9"]
[EventCountry "IOM"]

1. Nf3 Nf6 2. c4 e6 3. Nc3 Bb4 4. Qc2 O-O 5. a3 Bxc3 6. Qxc3 c5 7. b4 d6 8. e3
b6 9. Be2 Bb7 10. O-O Nbd7 11. Bb2 Rc8 12. Qb3 Qe7 13. d4 Ne4 14. Rad1 Rc7 15.
Nd2 f5 16. Nxe4 fxe4 17. Rd2 cxb4 18. axb4 Qg5 19. b5 Nf6 20. Ra1 Bc8 21. Ba3
Rd8 22. Qd1 Ne8 23. Bb4 Rdd7 24. Rc1 g6 25. Bg4 Rd8 26. Bh3 h5 27. g3 Nf6 28.
Bg2 h4 29. c5 hxg3 30. hxg3 Nd5 31. Rb1 Rf7 32. Bxe4 Nxe3 33. Qe1 Nf5 34. c6
Rh7 35. Rbb2 Rf8 36. f4 Qg4 37. Rg2 Kf7 38. Ra2 a5 39. bxa6 Rfh8 40. Qe2 Qh3
41. Kf2 Rh4 42. Bxf5 exf5 43. Qf3 1-0

[Event "Monarch Assurance Isle of Man 15th"]
[Site "Port Erin IOM"]
[Date "2006.09.25"]
[Round "3.19"]
[White "Ashton, Adam"]
[Black "Bobras, Piotr"]
[Result "1/2-1/2"]
[WhiteElo "2329"]
[BlackElo "2535"]
[PlyCount "86"]
[EventDate "2006.09.23"]
[EventType "swiss"]
[EventRounds "9"]
[EventCountry "IOM"]

1. e4 c5 2. Nf3 d6 3. d4 cxd4 4. Nxd4 Nf6 5. Nc3 a6 6. Bc4 e6 7. Bb3 b5 8. O-O
Be7 9. Qf3 Qc7 10. Qg3 Nc6 11. Nxc6 Qxc6 12. Re1 Bb7 13. a3 Rd8 14. f3 O-O 15.
Bh6 Ne8 16. Rad1 Bf6 17. Bg5 Rd7 18. Bxf6 Nxf6 19. Rd2 Rfd8 20. Red1 Qc5+ 21.
Kh1 Kf8 22. Rd4 a5 23. Qh4 Bc6 24. a4 b4 25. Ne2 e5 26. R4d2 Ke7 27. Ng3 g6 28.
Qg5 Rh8 29. Nf1 h6 30. Qh4 g5 31. Qe1 Nh5 32. Ne3 Ng7 33. Rd3 Rf8 34. c3 f5 35.
cxb4 Qxb4 36. Rc3 Bb7 37. Bd5 f4 38. Bxb7 fxe3 39. Bc6 Rc7 40. Qxe3 Rfc8 41.
Rb3 Qc4 42. Rc3 Qb4 43. Rb3 Qc4 1/2-1/2

[Event "Monarch Assurance Isle of Man 15th"]
[Site "Port Erin IOM"]
[Date "2006.09.25"]
[Round "3.21"]
[White "Dworakowska, Joanna"]
[Black "Wells, Peter K"]
[Result "0-1"]
[WhiteElo "2359"]
[BlackElo "2480"]
[PlyCount "62"]
[EventDate "2006.09.23"]
[EventType "swiss"]
[EventRounds "9"]
[EventCountry "IOM"]

1. e4 c5 2. Nf3 Nc6 3. d4 cxd4 4. Nxd4 Nf6 5. Nc3 d6 6. Bg5 e6 7. Qd2 Be7 8.
O-O-O O-O 9. f4 Nxd4 10. Qxd4 Qa5 11. Bc4 Bd7 12. e5 dxe5 13. fxe5 Bc6 14. Bd2
Nd7 15. Nd5 Qd8 16. Nxe7+ Qxe7 17. Rhe1 Nb6 18. Bf1 Rfd8 19. Qg4 Qc5 20. Bh6
Rxd1+ 21. Kxd1 Qf8 22. Bd3 Na4 23. Kc1 f5 24. exf6 Qxf6 25. Rxe6 Qxb2+ 26. Kd1
Qa1+ 27. Kd2 Rf8 28. Re7 Rf2+ 29. Be2 Qc3+ 30. Kd1 Nb2+ 31. Kc1 Nd3+ 0-1

[Event "Monarch Assurance Isle of Man 15th"]
[Site "Port Erin IOM"]
[Date "2006.09.25"]
[Round "3.22"]
[White "Paehtz, Elisabeth"]
[Black "Szieberth, Adam"]
[Result "1-0"]
[WhiteElo "2456"]
[BlackElo "2328"]
[PlyCount "63"]
[EventDate "2006.09.23"]
[EventType "swiss"]
[EventRounds "9"]
[EventCountry "IOM"]

1. e4 e5 2. Nf3 d6 3. d4 Nf6 4. Nc3 Nbd7 5. Bc4 Be7 6. O-O O-O 7. Re1 c6 8. a4
Qc7 9. Ba2 b6 10. h3 Bb7 11. Nh4 g6 12. Bh6 Rfe8 13. Nf3 Bf8 14. Qd2 exd4 15.
Nxd4 a6 16. Bxf8 Rxf8 17. Rad1 d5 18. exd5 cxd5 19. Qg5 Qd6 20. Nf5 Qb4 21.
Ne7+ Kg7 22. Bxd5 Bxd5 23. Ncxd5 Qxb2 24. Nf5+ Kh8 25. Rb1 Ne4 26. Qf4 Qa2 27.
Qxe4 gxf5 28. Qxf5 Rae8 29. Qxd7 Rd8 30. Qe7 Qxd5 31. Qf6+ Kg8 32. Re5 1-0

[Event "Monarch Assurance Isle of Man 15th"]
[Site "Port Erin IOM"]
[Date "2006.09.25"]
[Round "3.23"]
[White "Haslinger, Stewart"]
[Black "Eggleston, David J"]
[Result "1/2-1/2"]
[WhiteElo "2423"]
[BlackElo "2232"]
[PlyCount "63"]
[EventDate "2006.09.23"]
[EventType "swiss"]
[EventRounds "9"]
[EventCountry "IOM"]

1. e4 c5 2. Nf3 d6 3. d4 cxd4 4. Nxd4 Nf6 5. Nc3 a6 6. Be2 e5 7. Nb3 Be7 8. O-O
O-O 9. a4 Be6 10. Bf3 Nbd7 11. a5 Qc7 12. Re1 Rfd8 13. Be3 Nc5 14. Qe2 Nfd7 15.
Nd2 Nf6 16. Nd5 Nxd5 17. exd5 Bf5 18. b4 Nd7 19. c4 Bg6 20. g4 Rf8 21. Be4 Qd8
22. Qd3 Bg5 23. c5 Bxe3 24. Qxe3 Nf6 25. Qf3 Rc8 26. Rec1 Qe7 27. Rc4 dxc5 28.
bxc5 Nxe4 {(=)} 29. Nxe4 Bxe4 30. Qxe4 Rxc5 31. Rxc5 Qxc5 32. Qxe5 1/2-1/2

[Event "Monarch Assurance Isle of Man 15th"]
[Site "Port Erin IOM"]
[Date "2006.09.25"]
[Round "3.24"]
[White "Cox, John J"]
[Black "Spence, David J"]
[Result "1-0"]
[WhiteElo "2418"]
[BlackElo "2205"]
[PlyCount "129"]
[EventDate "2006.09.23"]
[EventType "swiss"]
[EventRounds "9"]
[EventCountry "IOM"]

1. d4 e6 2. c4 Nf6 3. Nc3 Bb4 4. Qc2 O-O 5. a3 Bxc3+ 6. Qxc3 Ne4 7. Qc2 f5 8.
Nh3 d6 9. f3 Nf6 10. e3 e5 11. dxe5 dxe5 12. Be2 a5 13. b3 Nc6 14. O-O Qe7 15.
Nf2 Bd7 16. Bb2 Rae8 17. Rad1 Bc8 18. c5 Kh8 19. Bb5 Bd7 20. Qc3 Nd4 21. exd4
Bxb5 22. dxe5 Nh5 23. Rfe1 Nf4 24. e6 Qg5 25. g3 Nxe6 26. Qxa5 Bc6 27. Qc3 f4
28. g4 Qxc5 29. Rxe6 Qxc3 30. Rxe8 Qc5 31. b4 Qxf2+ 32. Kxf2 Rxe8 33. Rd4 Rf8
34. h4 h6 35. h5 Kh7 36. Bc1 g5 37. hxg6+ Kxg6 38. Bxf4 h5 39. Kg3 hxg4 40.
fxg4 Rf7 41. Rd8 Rd7 42. Rg8+ Kf7 43. Ra8 Kg6 44. Rg8+ Kf7 45. Ra8 Kg6 46. Be5
Bd5 47. b5 Re7 48. Bf4 c6 49. b6 Re2 50. Rd8 Rb2 51. Rd6+ Kf7 52. Rd7+ Ke6 53.
Rxb7 c5 54. Rh7 c4 55. a4 c3 56. a5 Bc6 57. Rh5 c2 58. Rc5 Ba4 59. g5 Rb3+ 60.
Kf2 Rb4 61. Bd2 Rb2 62. Ke3 Rb3+ 63. Ke4 Kd6 64. Rxc2 Rxb6 65. Bf4+ 1-0

[Event "Monarch Assurance Isle of Man 15th"]
[Site "Port Erin IOM"]
[Date "2006.09.25"]
[Round "3.25"]
[White "Siebrecht, Sebastian"]
[Black "Collier, David"]
[Result "1-0"]
[WhiteElo "2417"]
[BlackElo "2175"]
[PlyCount "83"]
[EventDate "2006.09.23"]
[EventType "swiss"]
[EventRounds "9"]
[EventCountry "IOM"]

1. Nf3 Nf6 2. c4 e6 3. g3 b6 4. Bg2 Bb7 5. O-O Be7 6. Nc3 O-O 7. Re1 d5 8. cxd5
exd5 9. d4 Re8 10. Ne5 Nbd7 11. Nd3 Nf8 12. Nf4 Ng6 13. Qb3 c6 14. a3 Bd6 15.
Nxg6 hxg6 16. Bg5 Qd7 17. Qc2 Ne4 18. Nxe4 dxe4 19. Bxe4 Qg4 20. f4 f6 21. Bf3
Qe6 22. Bh4 g5 23. fxg5 Qe3+ 24. Kg2 fxg5 25. Qc4+ Kh8 26. Qf7 Be7 27. d5 cxd5
28. Rac1 Rf8 29. Qh5+ Kg8 30. Rc7 gxh4 31. Rxb7 Rad8 32. Rf1 Bc5 33. Bxd5+ Rxd5
34. Qxd5+ Kh8 35. Qh5+ Kg8 36. Rxf8+ Bxf8 37. Qf7+ Kh7 38. Qxf8 Qxe2+ 39. Kh3
Qe6+ 40. g4 Qe3+ 41. Kxh4 Qh6+ 42. Kg3 1-0

[Event "Monarch Assurance Isle of Man 15th"]
[Site "Port Erin IOM"]
[Date "2006.09.25"]
[Round "3.26"]
[White "Palliser, Richard JD"]
[Black "Majer, Chris"]
[Result "1-0"]
[WhiteElo "2413"]
[BlackElo "1991"]
[PlyCount "81"]
[EventDate "2006.09.23"]
[EventType "swiss"]
[EventRounds "9"]
[EventCountry "IOM"]

1. e4 d5 2. exd5 Qxd5 3. Nc3 Qa5 4. d4 Nf6 5. Nf3 Ne4 6. Bd3 Nxc3 7. bxc3 g6 8.
O-O Bg7 9. Bd2 O-O 10. Re1 c5 11. h3 Re8 12. Bc4 Nc6 13. d5 Nd8 14. Rb1 Bd7 15.
Ne5 Ba4 16. Qf3 Rf8 17. Bd3 Rc8 18. Nc4 Qc7 19. Bg5 e6 20. d6 Qd7 21. Be7 Re8
22. Ne5 Bxe5 23. Rxe5 Rxe7 24. dxe7 Qxe7 25. Bb5 Bxb5 26. Rxb5 b6 27. Rb1 Nc6
28. Ree1 Kg7 29. Rbd1 Rc7 30. Rd3 Qf6 31. Qg3 Qe7 32. h4 h5 33. Red1 Kf8 34.
Qf4 Kg7 35. Rd6 Kg8 36. Qe4 Qe8 37. Qa4 Kg7 38. f3 Qe7 39. Rxc6 Qe8 40. Rdd6
Rxc6 41. Qxc6 1-0